La proyeccin̤ de China en Amřica Latina y el Caribe

Detalles Bibliográficos
Autor principal: Pastrana Buelvas, Eduardo
Otros Autores: Gehring, Hubert
Formato: eBook
Lenguaje:español
Publicado: Bogot:̀ Pontificia Universidad Javeriana, 2017
Materias:
Acceso en línea:Acceso restringido

MARC

LEADER 00000nam a22000007a 4500
005 20201218113428.0
007 cr|||| ||||
008 201218s2017 co |||||s|||| 00||0 spa d
020 |a 978-958-781-087-5 
035 |a 32382 
040 |a vLex 
090 |c 10990  |d 10990 
100 1 |a Pastrana Buelvas, Eduardo 
245 1 2 |a La proyeccin̤ de China en Amřica Latina y el Caribe  |h [Recurso electrn̤ico] /  |c Eduardo Pastrana Buelvas, Hubert Gehring 
256 |a Servicio en ln̕ea 
260 |a Bogot:̀  |b Pontificia Universidad Javeriana,  |c 2017 
300 |a 1 recurso electrn̤ico 
500 |a Este libro da cuenta de las relaciones entre China y Amřica Latina y el Caribe frente a las dinm̀icas hemisfřicas y a la nueva distribucin̤ global de poder. China ha emergido paulatinamente como una gran potencia, un importante inversionista, prestamista y, despuš de Estados Unidos, como el segundo socio comercial de Amřica Latina y el Caribe. El interš de China en la regin̤ tiene la intencin̤ de ejercer contrapeso a Estados Unidos en su tradicional zona de influencia, a fin de mejorar su capacidad negociadora en los asuntos que tiene por resolver con la superpotencia en Asia del Este. 
506 1 |a Disponible solo en los productos indicados  |d vLex Global  |d vLex Global (Academic Edition, excluding Law Schools)  |d vLex Global (U.S. Academic Edition, Law Schools)  |d vLex Global (U.S. Academic Edition, excluding Law Schools)  |d vLex Global (Academic Edition, Law Schools) 
650 0 4 |a Ciencias sociales  |z Colombia 
650 0 4 |a Ciencia polt̕ica  |z Colombia 
650 0 4 |a Humanidades  |z Colombia 
700 1 |a Gehring, Hubert 
740 0 |a vLex Libros (Servicio en ln̕ea) 
856 4 0 |u http://vlex.com/source/proyeccion-de-china-en-america-latina-y-el-caribe-32382  |z Acceso restringido 
942 |c BOOK